Dreams - The Cranberries (All Lyrics) - Statistics

General Stats
  • This quiz has been taken 57 times
  • The average score is 101 of 147
Answer Stats
Answer % Correct
A
97%
a
97%
I
97%
In
95%
every
92%
dream
89%
Dream
89%
it
89%
my
89%
possible
87%
Possible
87%
way
87%
be
84%
you
84%
You
84%
as
82%
changing
82%
is
82%
me
82%
see
82%
to
82%
dreams
79%
seems
79%
life
76%
never
76%
Never
76%
Oh,
76%
oh,
76%
The
76%
And
74%
and
74%
quite
74%
do
71%
everyday
71%
I'm
68%
You're
68%
you're
68%
now
66%
this
66%
It's
63%
know
63%
more
63%
more,
63%
before
61%
But
61%
don't
61%
not
61%
so
61%
So
61%
want
61%
like
58%
what
58%
have
55%
Then
55%
here
53%
Because
50%
'Cause
50%
even
50%
from
50%
heart
50%
came
47%
everything
47%
felt
47%
ignore
47%
open
47%
different
45%
feeling
45%
impossible
45%
Impossible
45%
up
45%
come
39%
hurt
39%
person
39%
amazing
37%
falling
37%
mind
37%
true
37%
Aah,
34%
find
34%
tell
34%
couldn't
29%
they'll
29%
openly
26%
totally
26%
kind
21%
la
21%
understanding
21%
No matching quizzes found
Score Distribution
Percent of People with Each Score
Percentile by Number Answered
Your Score History
You have not taken this quiz